Central Library OPAC University of Rajshahi

Charles James Fox : (Record no. 24859)

MARC details
000 -LEADER
fixed length control field 00781nam a2200253 a 4500
001 - CONTROL NUMBER
control field 24859
003 - CONTROL NUMBER IDENTIFIER
rucl marc code BD-RjUL
005 - DATE AND TIME OF LATEST TRANSACTION
control field 20211209001116.0
008 - FIXED-LENGTH DATA ELEMENTS--GENERAL INFORMATION
fixed length control field 140315s1903 enk 00| 0beng d
035 ## - SYSTEM CONTROL NUMBER
System control number (BD-RjUL)24928
040 ## - CATALOGING SOURCE
Original cataloging agency BD-RjUL
Language of cataloging eng
Transcribing agency BD-RjUL
Modifying agency BD-RjUL
041 ## - LANGUAGE CODE
Language code of text/sound track or separate title eng
082 ## - DEWEY DECIMAL CLASSIFICATION NUMBER
Classification number 942.073
Author mark and year HAC 1903
100 1# - MAIN ENTRY--PERSONAL NAME
Personal name Hammond, J. L.
Fuller form of name (John Lawrence),
Dates associated with a name 1872-1949.
9 (RLIN) 9242
245 10 - TITLE STATEMENT
Title Charles James Fox :
Remainder of title a political study /
Statement of responsibility, etc. By J. L. Le B. Hammond
260 ## - PUBLICATION, DISTRIBUTION, ETC. (IMPRINT)
Place of publication, distribution, etc. London :
Name of publisher, distributor, etc. Methuen,
Date of publication, distribution, etc. 1903.
300 ## - PHYSICAL DESCRIPTION
Pagination xi, 370 p. :
Size 23 cm
Illustrations ill. ;
504 ## - BIBLIOGRAPHY, ETC. NOTE
Bibliography, etc Includes index
600 10 - SUBJECT ADDED ENTRY--PERSONAL NAME
Personal name Fox, Charles James,
Dates associated with a name 1749-1806
651 #0 - SUBJECT ADDED ENTRY--GEOGRAPHIC NAME
Geographic name Great Britain
General subdivision Politics and government
Chronological subdivision 1760-1820
9 (RLIN) 76224
942 ## - ADDED ENTRY ELEMENTS (KOHA)
Source of classification or shelving scheme Dewey Decimal Classification
Koha item type Books
Holdings
Lost status Source of classification or shelving scheme Damaged status Not for loan Collection code Permanent Location Current Location Shelving location Date acquired Source of acquisition Total Checkouts Full call number Date last seen Copy number Koha item type
  Dewey Decimal Classification   Added to bundle Non-fiction Central Library, University of Rajshahi Central Library, University of Rajshahi Reading Room 24/02/1985 Asia Fundation   942.073 HAC 1903 15/03/2014 C-1 Books